| 000 | 00000nas##2200000za#4500 |
| 001 | 9.507349 |
| 003 | CaOODSP |
| 005 | 20200325093849 |
| 007 | cr ||||||||||| |
| 008 | 150406c2004||||xxc|| p o||||f| |0eng|d |
| 022 | |a1486-973X |
| 040 | |aCaOODSP|beng |
| 043 | |an-cn--- |
| 086 | 1 |aCP51-6E-pdf |
| 110 | 1 |aCanada.|bPublic Service Human Resources Management Agency of Canada. |
| 245 | 10|aEmployment equity in the federal public service : |h[electronic resource]|bannual report to Parliament |
| 260 | |aOttawa - Ontario : |bPublic Service Human Resources Management Agency of Canada |
| 310 | |aAnnual |
| 362 | 1 |a2003/2004-[2004/2005] |
| 690 | 07|aEmployment equity|2gcpds |
| 690 | 07|aPublic service|2gcpds |
| 775 | 08|tL'équité en emploi dans la fonction publique fédérale : |w(CaOODSP)9.503739 |
| 780 | 00|tEmployment equity in the federal public service - annual report to Parliament / |w(CaOODSP)9.506099 |
| 785 | 00|tEmployment equity in the Public Service of Canada : |w(CaOODSP)9.506277 |